| 000 | 01381nam a22003137a 4500 | ||
|---|---|---|---|
| 005 | 20100119150653.0 | ||
| 008 | 100119t xxu||||| |||| 00| 0 eng d | ||
| 010 | _aENG-95844 | ||
| 020 |
_a9780198064350 _c595.00 |
||
| 020 |
_a0198064357 _c595.00 |
||
| 037 | _bDBAD/PUB | ||
| 040 |
_aDPL _beng |
||
| 082 |
_a361.3092 _222 |
||
| 245 |
_aRemembered childhood : _bessays in honour of André Béteille / _cedited by Malavika Karlekar [and] Rudrangshu Mukherjee |
||
| 246 | _aChildhood | ||
| 260 |
_aNew Delhi _bOxford University Press _c2010 |
||
| 270 |
_aYMCA Library Building, Jai Singh Road _bNew Delhi _e110001 |
||
| 300 |
_axvi, 219 p. : _bill. _c25 cm (Hb) |
||
| 520 | _aAndré Béteille, Indian sociologist and ethnologist; contributed articles honoring his childhood. | ||
| 600 |
_aBéteille, André _xFriends and associates _xChildhood and youth. |
||
| 650 |
_aSociologists _zIndia _xChildhood and youth. |
||
| 650 |
_aEthnologists _zIndia _xChildhood and youth. |
||
| 700 | _aBéteille, André | ||
| 700 | _aKarlekar, Malavika. | ||
| 700 | _aMukherjee, Rudrangshu. | ||
| 942 |
_2ddc _cEN _h361.3092 _mREM |
||
| 999 |
_c33677 _d33677 |
||